000 01043cam a22002891 4500
001 gs 60000203
003 DLC
005 20260227111409.0
008 780208s1959 gauab b 000 0 eng c
010 _ags 60000203
035 _a(OCoLC)3619347
040 _aU.S. Geol. Survey. Libr.
_cOT
_dOCoLC
_dDLC
042 _apremarc
050 0 0 _aQE101
_b.A12 no. 68
100 1 _aHurst, Vernon J.
245 1 4 _aThe geology and mineralogy of Graves Mountain, Georgia.
260 _aAtlanta,
_c1959.
300 _av, 33 p.
_billus., maps (1 fold col. in pocket) diagrs., tables.
_c23 cm.
490 1 _aGeorgia. Dept. of Mines, Mining, and Geology. Bulletin
_vno. 68
500 _aFolded map in pocket in back of book.
500 _aAt head of title: The Geological Survey.
504 _aBibliography: p. 31-32.
650 0 _aGeology
_zGeorgia
_zGraves Mountain.
650 0 _aMineralogy
_zGeorgia
_zGraves Mountain.
740 0 _aGraves Mountain, Georgia.
810 1 0 _aGeorgia.
_bDepartment of Mines, Mining, and Geology.
_tBulletin
_vno. 68.
999 _c29446
_d29446